[Event "Titled Tuesday intern op 27th Aug Late"]
[Site "Chess.com INT"]
[Date "2024.08.27"]
[Round "7"]
[White "Dolezal, Cristian"]
[Black "Smieszek, Wojciech"]
[Result "1-0"]
[WhiteElo "2365"]
[BlackElo "2088"]
[PlyCount "103"]
[EventDate "2024.08.27"]
[EventType "swiss (blitz)"]
[EventRounds "11"]
[EventCountry "USA"]
[SourceTitle "EXT 2025"]
[Source "ChessBase"]
[SourceDate "2024.10.14"]
[SourceVersion "1"]
[SourceVersionDate "2024.10.14"]
[SourceQuality "1"]

1. d4 Nf6 2. c3 g6 3. Nf3 Bg7 4. Nbd2 c5 5. e4 cxd4 6. cxd4 0-0 7. Bd3 d6 8. 0-0 Nc6 9. h3 e5 10. d5 Ne7 11. Nc4 b5 12. Ne3 Bd7 13. Bd2 Nh5 14. Re1 Nf4 15. Bf1 f5 16. Ng5 h6 17. Ne6 Bxe6 18. dxe6 Nxe6 19. exf5 Nd4 20. Bc3 Nexf5 21. Nxf5 Nxf5 22. Bxb5 Qb6 23. Qd5+ Kh7 24. Qc6 Qd8 25. Rad1 Qh4 26. Qe4 Qxe4 27. Rxe4 Rad8 28. Bc4 Ne7 29. Bb4 Nc8 30. Ba6 Rf6 31. Rxe5 dxe5 32. Rxd8 Rxa6 33. Rxc8 Rxa2 34. Bc3 Ra1+ 35. Kh2 g5 36. g4 Kg6 37. Rc6+ Kf7 38. Kg2 a5 39. Ra6 a4 40. Kg3 Rg1+ 41. Kh2 Ra1 42. Kg2 Kg8 43. Ra7 Bf6 44. Bb4 Bg7 45. Ba3 Bf6 46. Rxa4 Rc1 47. Ra7 Rc2 48. Kf3 e4+ 49. Kxe4 Bxb2 50. Kf5 Bxa3 51. Rxa3 Rxf2+ 52. Kg6 1-0

[Event "Titled Tuesday intern op 20th Aug Late"]
[Site "Chess.com INT"]
[Date "2024.08.20"]
[Round "8"]
[White "Dolezal, Cristian"]
[Black "Makridis, Dimitrios"]
[Result "0-1"]
[WhiteElo "2365"]
[BlackElo "2301"]
[PlyCount "54"]
[EventDate "2024.08.20"]
[EventType "swiss (blitz)"]
[EventRounds "11"]
[EventCountry "USA"]
[SourceTitle "EXT 2025"]
[Source "ChessBase"]
[SourceDate "2024.10.14"]
[SourceVersion "1"]
[SourceVersionDate "2024.10.14"]
[SourceQuality "1"]

1. d4 Nf6 2. Nc3 d5 3. Bf4 a6 4. e3 c5 5. h3 Nc6 6. Nf3 Bf5 7. Ne5 e6 8. g4 Bg6 9. h4 cxd4 10. exd4 Nxe5 11. dxe5 Ne4 12. Nxe4 Bxe4 13. f3 Qa5+ 14. c3 Qb6 15. fxe4 Qxb2 16. Qc1 Qb6 17. Rb1 Qc6 18. Bg2 dxe4 19. Qe3 Rd8 20. Bxe4 Qc4 21. Rxb7 Bc5 22. Qf3 0-0 23. Rh2 f6 24. Rd2 Rxd2 25. Bxd2 fxe5 26. Bxh7+ Kxh7 27. Qxf8 Bxf8 0-1

[Event "Titled Tuesday intern op 20th Aug Late"]
[Site "Chess.com INT"]
[Date "2024.08.20"]
[Round "3"]
[White "Dolezal, Cristian"]
[Black "Meszaros, Gyorgy"]
[Result "1-0"]
[WhiteElo "2365"]
[BlackElo "2200"]
[PlyCount "51"]
[EventDate "2024.08.20"]
[EventType "swiss (blitz)"]
[EventRounds "11"]
[EventCountry "USA"]
[SourceTitle "EXT 2025"]
[Source "ChessBase"]
[SourceDate "2024.10.14"]
[SourceVersion "1"]
[SourceVersionDate "2024.10.14"]
[SourceQuality "1"]

1. d4 g6 2. e4 Bg7 3. Nc3 e6 4. Be3 h6 5. Qd2 Ne7 6. 0-0-0 d5 7. f3 a6 8. h4 b6 9. Nge2 Bb7 10. Ng3 Nd7 11. Kb1 c5 12. exd5 exd5 13. h5 g5 14. Nce2 c4 15. f4 g4 16. f5 Nf6 17. Nf4 b5 18. Re1 0-0 19. Ng6 fxg6 20. hxg6 Nxf5 21. Nxf5 Ne4 22. Nxh6+ Bxh6 23. Qc1 Bxe3 24. Qxe3 Qf6 25. Rh7 Qxf1 26. Rh8+ 1-0

[Event "Villa Ballester op"]
[Site "Villa Ballester"]
[Date "2024.08.09"]
[Round "5"]
[White "Dolezal, Cristian"]
[Black "Koch, Juan Enrique"]
[Result "1/2-1/2"]
[WhiteElo "2365"]
[BlackElo "1953"]
[PlyCount "159"]
[EventDate "2024.08.02"]
[EventType "swiss"]
[EventRounds "7"]
[EventCountry "ARG"]
[SourceTitle "EXT 2025"]
[Source "ChessBase"]
[SourceDate "2024.10.14"]
[SourceVersion "1"]
[SourceVersionDate "2024.10.14"]
[SourceQuality "1"]

1. d4 d5 2. Bg5 Nf6 3. Bxf6 exf6 4. e3 Bd6 5. Nd2 c6 6. g3 0-0 7. Ne2 f5 8. Bg2 Nd7 9. 0-0 Nf6 10. c4 dxc4 11. Nxc4 Bc7 12. Nc3 Be6 13. Qd3 g6 14. Rfd1 Qe7 15. a3 a5 16. Rac1 Rfd8 17. Qf1 Nd5 18. Nxd5 Bxd5 19. Bxd5 Rxd5 20. Nd2 Rad8 21. Nb1 h5 22. Nc3 R5d6 23. Qc4 Bb8 24. Qc5 b5 25. Ne2 Ba7 26. Qc3 a4 27. Re1 Qe4 28. Qc2 Qf3 29. Nc3 h4 30. Qe2 Qxe2 31. Rxe2 hxg3 32. hxg3 Re8 33. Rec2 g5 34. Ne2 Ree6 35. Kg2 Bb6 36. Rh1 Rh6 37. Rxh6 Rxh6 38. Nc1 f4 39. Nd3 fxe3 40. fxe3 Re6 41. Kf3 g4+ 42. Kf2 Bc7 43. Rc5 Bxg3+ 44. Kg2 Rg6 45. Nb4 Bd6 46. Rc1 Bxb4 47. axb4 Kf8 48. Kf2 Ke7 49. Kg3 Kd6 50. e4 Rh6 51. Rc5 Rh3+ 52. Kxg4 Rb3 53. d5 cxd5 54. Rxd5+ Kc6 55. Rc5+ Kb6 56. Rc2 Rxb4 57. Kf5 Rc4 58. Re2 Rc6 59. Rf2 f6 60. Rd2 b4 61. Rd5 b3 62. Rd8 Rc2 63. Ra8 Rf2+ 64. Ke6 Kb5 65. Rb8+ Kc4 66. Ra8 Kd3 67. Rxa4 Kc2 68. Ra5 Kxb2 69. Rf5 Re2 70. Kd5 Kc3 71. Rxf6 b2 72. Rc6+ Kd3 73. Rb6 Kc2 74. e5 b1Q 75. Rxb1 Kxb1 76. e6 Kc2 77. Kd6 Kc3 78. e7 Kc4 79. Kd7 Rxe7+ 80. Kxe7 1/2-1/2

[Event "Villa Ballester op"]
[Site "Villa Ballester"]
[Date "2024.08.03"]
[Round "3"]
[White "Dolezal, Cristian"]
[Black "Conde, Adrian"]
[Result "1-0"]
[WhiteElo "2365"]
[BlackElo "2002"]
[PlyCount "59"]
[EventDate "2024.08.02"]
[EventType "swiss"]
[EventRounds "7"]
[EventCountry "ARG"]
[SourceTitle "EXT 2025"]
[Source "ChessBase"]
[SourceDate "2024.10.14"]
[SourceVersion "1"]
[SourceVersionDate "2024.10.14"]
[SourceQuality "1"]

1. d4 Nf6 2. c4 e6 3. Nc3 d5 4. cxd5 exd5 5. Nf3 c6 6. Bg5 Be7 7. e3 Nbd7 8. Qc2 0-0 9. Bd3 Re8 10. 0-0-0 h6 11. Bf4 Nf8 12. h3 Ne6 13. Be5 a5 14. g4 Nd7 15. h4 Nxe5 16. Nxe5 Bxh4 17. Bh7+ Kf8 18. Bg6 fxg6 19. Nxg6+ Kg8 20. Rxh4 Nf8 21. Rdh1 Be6 22. Ne5 c5 23. f4 cxd4 24. exd4 Nd7 25. Rxh6 Nxe5 26. dxe5 d4 27. Qg6 Kf8 28. Rh8+ Bg8 29. R1h7 Qd7 30. Qh5 1-0

[Event "Villa Ballester op"]
[Site "Villa Ballester"]
[Date "2024.08.03"]
[Round "2"]
[White "Hurtado, Agustin Leandro"]
[Black "Dolezal, Cristian"]
[Result "0-1"]
[WhiteElo "1957"]
[BlackElo "2365"]
[PlyCount "104"]
[EventDate "2024.08.02"]
[EventType "swiss"]
[EventRounds "7"]
[EventCountry "ARG"]
[SourceTitle "EXT 2025"]
[Source "ChessBase"]
[SourceDate "2024.10.14"]
[SourceVersion "1"]
[SourceVersionDate "2024.10.14"]
[SourceQuality "1"]

1. e4 c5 2. c3 Qa5 3. Na3 d6 4. Nc4 Qc7 5. d4 cxd4 6. cxd4 Nf6 7. Qd3 d5 8. exd5 Nxd5 9. a3 Nc6 10. Nf3 g6 11. Ne3 Nf4 12. Qc2 Be6 13. g3 Nd5 14. Bg2 Qa5+ 15. Bd2 Qb5 16. Bf1 Nxe3 17. fxe3 Qf5 18. Qxf5 gxf5 19. Bd3 Bd5 20. Rf1 e6 21. Bc3 Rg8 22. Nd2 Be7 23. b4 Rc8 24. b5 Ne5 25. dxe5 Rxc3 26. Ke2 Rg4 27. a4 h5 28. Rf4 Bg5 29. Rxg4 hxg4 30. a5 Kd7 31. Ra4 Bg2 32. Rd4+ Ke7 33. e4 f4 34. gxf4 Bxf4 35. Nc4 Bxh2 36. Kd2 Rb3 37. b6 axb6 38. Nxb6 Bf4+ 39. Kc2 Rxd3 40. Kxd3 Bf1+ 41. Kc2 g3 42. Nc8+ Ke8 43. Nd6+ Kf8 44. Nc8 Bg5 45. Rd7 g2 46. Nd6 g1Q 47. Rxf7+ Kg8 48. Rxb7 Qc5+ 49. Kb3 Bd3 50. Ne8 Qc4+ 51. Ka3 Bc1+ 52. Rb2 Qc3+ 0-1

[Event "Villa Ballester op"]
[Site "Villa Ballester"]
[Date "2024.08.02"]
[Round "1"]
[White "Dolezal, Cristian"]
[Black "Morales, Pedro Jorge"]
[Result "1-0"]
[WhiteElo "2365"]
[BlackElo "1830"]
[PlyCount "57"]
[EventDate "2024.08.02"]
[EventType "swiss"]
[EventRounds "7"]
[EventCountry "ARG"]
[SourceTitle "EXT 2025"]
[Source "ChessBase"]
[SourceDate "2024.10.14"]
[SourceVersion "1"]
[SourceVersionDate "2024.10.14"]
[SourceQuality "1"]

1. d4 d5 2. c4 dxc4 3. e4 b5 4. a4 c6 5. Nf3 a6 6. Be2 Bb7 7. 0-0 Nf6 8. e5 Nd5 9. e6 fxe6 10. Ng5 Nc7 11. Bg4 c5 12. Bxe6 Qxd4 13. Bf7+ Kd7 14. Qe2 Kc6 15. Rd1 Qf6 16. a5 e6 17. Qe4+ Nd5 18. Rxd5 exd5 19. Qxd5+ Kc7 20. Bf4+ Bd6 21. Ne6+ Kc8 22. Qxd6 Qxf7 23. Nc3 Qd7 24. Qb6 Qc6 25. Nd5 Kd7 26. Nxc5+ Ke8 27. Re1+ Kf7 28. Re7+ Kg6 29. Re6+ 1-0

[Event "Buenos Aires Masters op"]
[Site "Buenos Aires"]
[Date "2024.06.23"]
[Round "9"]
[White "Dolezal, Cristian"]
[Black "Liascovich, Lucas"]
[Result "1/2-1/2"]
[WhiteElo "2383"]
[BlackElo "2413"]
[PlyCount "94"]
[EventDate "2024.06.17"]
[EventType "swiss"]
[EventRounds "9"]
[EventCountry "ARG"]
[SourceTitle "CBM 220 Extra"]
[Source "ChessBase"]
[SourceDate "2024.07.31"]
[SourceVersion "1"]
[SourceVersionDate "2024.07.31"]
[SourceQuality "1"]

1. d4 d5 2. Nf3 Nf6 3. Bf4 e6 4. e3 c5 5. Nbd2 Nc6 6. c3 Nh5 7. Bg5 Qb6 8. Ne5 Nf6 9. Qb3 Nxe5 10. dxe5 Nd7 11. f4 c4 12. Qxb6 axb6 13. Nf3 f6 14. exf6 gxf6 15. Bh4 Kf7 16. Be2 Nc5 17. Nd4 Be7 18. 0-0 Bd7 19. Bf3 Kg7 20. g4 Rhe8 21. Kh1 e5 22. fxe5 fxe5 23. Bxe7 Rxe7 24. Nf5+ Bxf5 25. gxf5 e4 26. f6+ Kxf6 27. Bxe4+ Ke5 28. Bc2 Ne4 29. Rf4 Nc5 30. a3 Kd6 31. Rd1 Rae8 32. Rfd4 Rxe3 33. Rxd5+ Kc6 34. R5d2 h5 35. Kg1 h4 36. Rf1 Rg8+ 37. Kf2 Re7 38. Re2 Reg7 39. Ke1 Kb5 40. Re5 Rg5 41. a4+ Ka5 42. Rxg5 Rxg5 43. Rf4 Rg2 44. Kd1 Rg1+ 45. Kd2 Rg2+ 46. Kd1 Rg1+ 47. Kd2 Rg2+ 1/2-1/2